<?xml version="1.0" encoding="UTF-8"?>
<record
    xmlns:xsi="http://www.w3.org/2001/XMLSchema-instance"
    xsi:schemaLocation="http://www.loc.gov/MARC21/slim http://www.loc.gov/standards/marcxml/schema/MARC21slim.xsd"
    xmlns="http://www.loc.gov/MARC21/slim">

  <leader>00643nam a22002177a 4500</leader>
  <controlfield tag="003">OSt</controlfield>
  <controlfield tag="005">20150408114135.0</controlfield>
  <controlfield tag="008">130801s2012    nyui   f a    00| 0 eng d</controlfield>
  <datafield tag="020" ind1=" " ind2=" ">
    <subfield code="a">9781259009624</subfield>
  </datafield>
  <datafield tag="040" ind1=" " ind2=" ">
    <subfield code="a">Ma-Un</subfield>
  </datafield>
  <datafield tag="082" ind1=" " ind2=" ">
    <subfield code="2">22</subfield>
    <subfield code="a">612</subfield>
    <subfield code="b">GAR</subfield>
  </datafield>
  <datafield tag="245" ind1="1" ind2="0">
    <subfield code="a">Ganong's review of medical physiology /</subfield>
    <subfield code="c">.[.Kim E. Barrett ... [et al</subfield>
  </datafield>
  <datafield tag="250" ind1=" " ind2=" ">
    <subfield code="a">24th. ed.,</subfield>
    <subfield code="b"> international ed</subfield>
  </datafield>
  <datafield tag="260" ind1=" " ind2=" ">
    <subfield code="a">New York ; Singapore : .</subfield>
    <subfield code="b">McGraw-Hill, </subfield>
    <subfield code="c">2012</subfield>
  </datafield>
  <datafield tag="300" ind1=" " ind2=" ">
    <subfield code="a">ix, 752 p. :  .</subfield>
    <subfield code="b">col. ill. ;</subfield>
    <subfield code="c">28 cm</subfield>
  </datafield>
  <datafield tag="500" ind1=" " ind2=" ">
    <subfield code="a">Includes Index</subfield>
  </datafield>
  <datafield tag="504" ind1=" " ind2=" ">
    <subfield code="a">Includes bibliographic</subfield>
  </datafield>
  <datafield tag="650" ind1=" " ind2=" ">
    <subfield code="a">Physiology.</subfield>
  </datafield>
  <datafield tag="700" ind1="1" ind2=" ">
    <subfield code="a"> .Barrett,Kim E</subfield>
    <subfield code="9">36268</subfield>
  </datafield>
  <datafield tag="942" ind1=" " ind2=" ">
    <subfield code="2">ddc</subfield>
    <subfield code="c">DVD</subfield>
  </datafield>
  <datafield tag="999" ind1=" " ind2=" ">
    <subfield code="c">30209</subfield>
    <subfield code="d">264709</subfield>
  </datafield>
  <datafield tag="952" ind1=" " ind2=" ">
    <subfield code="1">0</subfield>
    <subfield code="2">2013-08-01</subfield>
    <subfield code="4">0</subfield>
    <subfield code="7">0</subfield>
    <subfield code="a">612 GAR</subfield>
    <subfield code="c">2</subfield>
    <subfield code="d">2013-08-01</subfield>
    <subfield code="h">CL</subfield>
    <subfield code="i">00205978</subfield>
    <subfield code="m">CL</subfield>
    <subfield code="o">2</subfield>
    <subfield code="q">2017-03-15</subfield>
    <subfield code="r">2017-09-21 00:00:00</subfield>
    <subfield code="t">BOOK</subfield>
    <subfield code="w">ddc</subfield>
    <subfield code="y">6</subfield>
  </datafield>
  <datafield tag="952" ind1=" " ind2=" ">
    <subfield code="1">0</subfield>
    <subfield code="2">2013-08-01</subfield>
    <subfield code="4">0</subfield>
    <subfield code="7">0</subfield>
    <subfield code="a">612 GAR</subfield>
    <subfield code="c">3</subfield>
    <subfield code="d">2013-08-01</subfield>
    <subfield code="h">CL</subfield>
    <subfield code="i">00205977</subfield>
    <subfield code="m">CL</subfield>
    <subfield code="o">3</subfield>
    <subfield code="q">2018-01-31</subfield>
    <subfield code="r">2018-02-05 00:00:00</subfield>
    <subfield code="t">BOOK</subfield>
    <subfield code="w">ddc</subfield>
    <subfield code="y">7</subfield>
  </datafield>
  <datafield tag="952" ind1=" " ind2=" ">
    <subfield code="1">0</subfield>
    <subfield code="2">2013-10-17</subfield>
    <subfield code="4">0</subfield>
    <subfield code="7">1</subfield>
    <subfield code="a">612 GAR</subfield>
    <subfield code="c">1</subfield>
    <subfield code="d">2013-10-17</subfield>
    <subfield code="h">SZM</subfield>
    <subfield code="i">00206849</subfield>
    <subfield code="m">SZM</subfield>
    <subfield code="r">2013-10-17 00:00:00</subfield>
    <subfield code="t">BOOK</subfield>
    <subfield code="w">ddc</subfield>
    <subfield code="y">0</subfield>
  </datafield>
  <datafield tag="952" ind1=" " ind2=" ">
    <subfield code="1">0</subfield>
    <subfield code="2">2013-10-17</subfield>
    <subfield code="4">0</subfield>
    <subfield code="7">0</subfield>
    <subfield code="a">612 GAR</subfield>
    <subfield code="c">2</subfield>
    <subfield code="d">2013-10-17</subfield>
    <subfield code="h">SZM</subfield>
    <subfield code="i">00206620</subfield>
    <subfield code="m">SZM</subfield>
    <subfield code="r">2013-10-17 00:00:00</subfield>
    <subfield code="t">BOOK</subfield>
    <subfield code="w">ddc</subfield>
    <subfield code="y">0</subfield>
  </datafield>
</record>
